000 00450nam a2200157 i 4500
001 102424
003 ES-MaACL
005 20230906183116.0
007 t|
008 051110s1964 sp ||||1| spa d
245 0 0 _aMercados extranjeros
_b: América.
260 _aBilbao :
_bBanco de Bilbao, Servicio de Estudios,
_c1964.
300 _a192 p., 5 h. :
_bil. ;
_c26 cm.
710 0 0 _aBanco de Bilbao.
_92097
852 _aES-MaACL
_jC-30113
_bR.56729
999 _c102424
_d102424